| 000 | 00447nam a22001697a 4500 | ||
|---|---|---|---|
| 020 | _a9788194786801 | ||
| 082 |
_aM 030 _bSUV/A |
||
| 100 | _aSuvitha Jinto putheveetil | ||
| 245 |
_aAdyapanam sidhanthavum prayogavum/ _cby Suvitha Jinto puthenveetil |
||
| 260 |
_aKozhikkode: _bAtma books, _c2020. |
||
| 300 | _a432p. | ||
| 650 | _aK TET | ||
| 650 | _aHST UPST LPST | ||
| 650 | _aGeneral Knowledge | ||
| 650 | _aGeneral studies | ||
| 942 | _cBK | ||
| 999 |
_c181724 _d181724 |
||